000 00777nam a22002417a 4500
999 _c15360
_d15360
003 MIRAKIL
005 20240213165320.0
008 240213b tu ||||| |||| 00| 0 tur d
020 _a9754586152
040 _aTR-AnCHP
_cTR-AnCHP
041 _aTürkçe
082 _a928
_bZ83ü 2011
090 _a928 Z83ü 2011
100 1 _aZweig, Stefan
245 1 0 _aÜç Büyük Usta :
_bBalzac. Dickens. Dotoyevski /
_cStefan Zweig ; çev. Nafer Ermiş
250 _a10. bs.
260 _aİstanbul
_bTürkiye İş Bankası Kültür Yayınları
_c2011
300 _a217 s.
_c20 cm.
490 0 _aModern klasikler dizisi:
_v14.
650 0 _926
_aAlman edebiyatı
856 _zDijital Nüshası için Partimizin Kütüphane Sorumlusu ile iletişime geçiniz.
942 _2ddc
_cBKS